| 000 | 00988nas a2200325 4500 | ||
|---|---|---|---|
| 001 | BR2013002669 | ||
| 003 | BR-BrBNA | ||
| 005 | 20231205122151.0 | ||
| 007 | ta | ||
| 008 | 230509b bl.|||p| |||| 00| 00por d | ||
| 040 |
_aBR-BrBNA _bpor _cBiblioteca Nacional de Agricultura |
||
| 041 | _a(Pt) | ||
| 072 | _aP10 | ||
| 100 | 1 | _aBaumgarten, M. da G.Z. | |
| 100 | 1 | _aNiencheski, L.F.H. | |
| 100 | 1 | _aVeeck, L. | |
| 245 | 1 | _aNutrientes na coluna da água e na água intersticial de sedimentos de uma enseada rasa estuarina com aportes de origem antrópica (RS-Brasil) | |
| 650 | _aNUTRIENTE | ||
| 650 | _aÁGUA SALGADA | ||
| 650 | _aÁGUA DOCE | ||
| 650 | _aLITORAL | ||
| 650 | _aRIO | ||
| 650 | _aSEDIMENTAÇÃO | ||
| 650 | _aESTUÁRIO | ||
| 650 | _aCOMPOSTO NITROGENADO | ||
| 650 | _aFOSFATO | ||
| 773 | 0 |
_tAtlântica (Brazil) _xISSN 0102-1656 _g(2001), v. 23(no. único) p. 101-116 _wBR2013002669 |
|
| 909 |
_a202311 _bLúcia _c55 _dLúcia Elande |
||
| 942 |
_2AGRIS _n0 _cANA |
||
| 999 |
_c227252 _d227252 |
||